Представление документа в формате RUSMARC

ПолеНазваниеЗначение
  Тип записи a
  Библиографический уровень m
001 Контрольный номер RU/УОНБ/EK_R/390222311
005 Дата корректировки 20250520125509.3
010 Индекс ISBN __
d Цена 7 р.
9 Тираж 75000 экз.
b Уточнения в пер.
100 Данные общей обработки __
a Данные общей обработки 20120513d1955 u y0rusy0189||||ca
101 Язык документа 0_
a Язык текста rus
102 Страна публикации __
a Страна публикации RU
105 Кодированные данные (монография) __
a Кодированные данные (монография) a z 000zy
200 Заглавие и сведения об ответственности 1_
a Заглавие Сочинения
f Первые сведения об ответственности К.Н. Батюшков
g Последующие сведения об ответственности [вступ. ст. Л.А. Озерова
g Последующие сведения об ответственности подгот. текста и примеч. Н.В. Фридмана]
210 Выходные данные 1_
a Место издания Москва
c Издательство Гослитиздат
d Дата издания 1955
215 Физическое описание __
a Объем 452 с.
c Иллюстрации/тип воспроизводства ил., портр.
d Формат 21 см
327 Примечание о содержании 01
a Примечание о содержании Содерж.: Разделы: Стихотворения 1802-1821 гг. ; Прозаич. произведения: Прогулка по Москве ; Путешествие в замок Сирей ; Прогулка в Академию художеств ; Воспоминание о Петине ; О характере Ломоносова ; Вечер у Кантемира ; Критич. статьи: Нечто о поэте и поэзии ; Речь о влиянии легкой поэзии на язык ; Отрывки из записных книжек ; Разные замечания ; Чужое - мое сокровище
606 Тематические рубрики 0_
a Основная рубрика Стихи (х. л.)
606 Тематические рубрики 0_
a Основная рубрика Проза (х. л.)
610 Ключевые слова 0_
a Ключевые слова стихи русские
610 Ключевые слова 0_
a Ключевые слова проза русская
610 Ключевые слова 0_
a Ключевые слова критика литературная
686 Индексы других классификаций __
a Классификационный индекс 84Р1
2 Код системы rubbk
700 Автор _1
a Фамилия Батюшков
b Имя (инициалы) К.Н.
g Полное личное имя Константин Николаевич
702 Вторичная интеллектуальная ответственность _1
a Фамилия Озеров
b Имя (инициалы) Л.А.
4 Код отношения 080
702 Вторичная интеллектуальная ответственность _1
a Фамилия Фридман
b Имя (инициалы) Н.В.
4 Код отношения 080
801 Источник записи _0
a Страна RU
b Организация Ульяновская ОНБ
c Дата составления 20120513
g Правила каталогизации RCR
801 Источник записи _1
a Страна RU
b Организация Ульяновская ОНБ
c Дата составления 20120513
g Правила каталогизации RCR
901 Тип документа __
t Тип документа m
909 Создатель записи __
a Создатель записи Луконина
938 Служебная информация __
a Имя БД retro
b Имя библиотеки УОНБ
c Имя АИБС МАРК-SQL
d Номер DOC_ID в БД 36828